|
|
|
|
| LEADER |
00000nam0a2200000 4500 |
| 001 |
201931 |
| 005 |
20231031185240.0 |
| 010 |
|
|
|a 5751100174
|
| 035 |
|
|
|a (RuTPU)RU\TPU\book\220080
|
| 090 |
|
|
|a 201931
|
| 100 |
|
|
|a 20111004d1990 m y0rusy50 ca
|
| 101 |
0 |
|
|a rus
|
| 102 |
|
|
|a RU
|
| 105 |
|
|
|a a z 001zy
|
| 200 |
1 |
|
|a Повышение эффективности организации системы обслуживания машиностроительного комплекса
|f Г. Е. Баженов
|g Новосибирский электротехнический институт (НЭТИ) ; под ред. К. Т. Джурабаева
|
| 210 |
|
|
|a Томск
|c Изд-во Томского ун-та
|d 1990
|
| 215 |
|
|
|a 144 с.
|c ил.
|
| 320 |
|
|
|a Библиогр. в примеч.
|
| 610 |
1 |
|
|a машиностроительный комплекс
|
| 610 |
1 |
|
|a обслуживание
|
| 610 |
1 |
|
|a эффективность
|
| 610 |
1 |
|
|a научно-технический прогресс
|
| 610 |
1 |
|
|a машиностроение
|
| 610 |
1 |
|
|a повышение
|
| 675 |
|
|
|a 621.002:658.58
|v 3
|
| 700 |
|
1 |
|a Баженов
|b Г. Е.
|g Геннадий Егорович
|
| 702 |
|
1 |
|a Джурабаев
|b К. Т.
|4 340
|
| 712 |
0 |
2 |
|a Новосибирский электротехнический институт (НЭТИ)
|c (1950-1992)
|2 stltpush
|3 (RuTPU)RU\TPU\col\203
|
| 801 |
|
1 |
|a RU
|b 63413507
|c 20111004
|
| 801 |
|
2 |
|a RU
|b 63413507
|c 20170111
|g RCR
|
| 942 |
|
|
|c BK
|